000 00363nam a2200145Ia 4500
008 230917s9999||||xx |||||||||||||| ||und||
040 _e39066
_aMAIN
041 _aEnglish
082 _a822.08 D29R
100 _aDavison, Dennis, ed
245 0 _aRestoration comedies
260 _aLondon
_bOxford University Press
_c1970
300 _axv, 399 p.
942 _cBK
999 _c195045
_d195045